| 000 | 01172cam a22003377a 4500 | ||
|---|---|---|---|
| 003 | CHAP | ||
| 005 | 20220329134521.0 | ||
| 008 | 971013s1976 r 00010 d | ||
| 010 | _a21500 | ||
| 011 | _a22472 | ||
| 035 | _a26567 | ||
| 040 | _cCHAP | ||
| 090 | _aTesis | ||
| 100 | 0 | 0 |
_aBosch Muñoz, Juan Francisco. _913968 |
| 245 | 0 | _aEstudio de la comunidad agrícola "Llano Grande" para proponer un proyecto de desarrollo | |
| 260 |
_aMéxico, D. F. : _bEl autor, _c1976 |
||
| 300 | _a204 h. | ||
| 502 | _aTesis (Lic. en Administración) -- UNAM. Facultad de Contaduría y Administración | ||
| 590 |
_aALEPH _b10 _c20130110 _lUCH01 _h1245 |
||
| 590 |
_aBATCH-UPD _b10 _c20130110 _lUCH01 _h1147 |
||
| 590 |
_aBATCH-UPD _b10 _c20130410 _lUCH01 _h0732 |
||
| 590 |
_aBATCH-UPD _b10 _c20130914 _lUCH01 _h1252 |
||
| 590 |
_aCONVERSION _b10 _c20130109 _lUCH01 _h1313 |
||
| 650 | 1 | 4 |
_aEjido Pilato No. 2 Llano Grande, Méx. _935955 |
| 650 | 1 | 4 |
_aEjidos _xMéxico (Edo.) _936020 |
| 650 | 1 | 4 |
_aPolítica agrícola _zMéxico (Edo.). _990387 |
| 650 | 1 | 4 |
_zMéxico (Edo.) _xCondiciones rurales. _9124376 |
| 901 | _aBK | ||
| 942 | _cTESIS | ||
| 949 |
_bBC _cTES _d-61216 _eTS1 _i26567 _si |
||
| 999 |
_c21500 _d21500 |
||